Statistics for Countries of the Americas by Borders - 15 Second Sprint

Click here to take the quiz!

General Stats

  • This quiz has been taken 560 times
  • The average score is 20 of 35

Answer Stats

COUNTRY% Correct
Mexico
97%
United States
97%
Canada
93%
Colombia
92%
Brazil
91%
Argentina
89%
Bolivia
89%
Paraguay
89%
Guyana
88%
Peru
88%
Uruguay
88%
Venezuela
88%
Suriname
87%
Guatemala
82%
Belize
74%
Costa Rica
72%
Chile
67%
Honduras
67%
Panama
66%
Nicaragua
61%
Ecuador
60%
El Salvador
57%
Dominican Republic
46%
Haiti
46%
Cuba
26%
Jamaica
10%
Antigua and Barbuda
9%
Saint Kitts and Nevis
9%
Dominica
8%
Bahamas
6%
Grenada
6%
Saint Lucia
6%
Barbados
4%
Saint Vincent and the Grenadines
4%
Trinidad and Tobago
2%

Score Distribution

Percentile by Number Answered

Percent of People with Each Score

Your Score History

You have not taken this quiz